000 00867nam a22002057a 4500
005 20120525110920.0
020 _a8180380491
_c1850.00 (Set price)
035 _aB-83107
035 _aB-83108
037 _aDPL
_bENG
100 _aMalhotra's OP
_948144
245 _aThe law of industrial disputes /
_cby OP Malhotra
250 _aVol.II, 6th ed.
260 _aNew Delhi
_bLexis Nexis Butterworths
_c2004
300 _aclxxviii, 1110p.; various pages
_c22 cms.
700 _aRao, EM
_947861
942 _2ddc
_cEN
_h343.5407
_mMAL
999 _c67132
_d67132